000 00636nam a2200241Ia 4500
003 OSt
005 20220918223330.0
006 a|||||r|||| 00| 0
007 ta
008 220917b |||||||| |||| 00| 0 eng d
024 _a221,982
037 _cTextual
040 _aARTS
_cARTS
_beng
041 _2eng
_aeng
082 _aV2:51wM, P4
100 _aNanda B. R.
_913958
245 0 _aThree statesmen
_b Gokhale, Gandhi and Nehru
260 _aNew Delhi
_bOxford Univ.
_c2004
300 _aLvi+vi, 1104p
_ccm.
650 _aHISTORY
942 _hV2:51wM, P4
_cTEXL
_2CC
999 _c278171
_d278171